000 00586cam a2200193 4500
001 D1760
008 090401t1966 xxu||||| |||| 00| 0 eng d
035 _a(Sirsi) u65621
041 _aeng
050 _a333.7
100 _aBritton, W.
245 4 _aThe public control of land use control through fiscal policy, and the physical control of land by R.Walton with commentaries by A.R.Mellows and C.H.Peters
260 _aLondon
_bCollege of Estate Management
_c1966
300 _a36p. 21cm
350 _a0.3
490 _aOccasional Paper
_vs 2
942 _n0
948 _c04/03/1997
999 _c94775
_d94775